50 comuni siciliani più popolati - Statistics

Statistiche generali
  • Questo quiz è stato fatto 44 volte
  • Il punteggio medio è 25 su 50
Statistiche sulle risposte
Abitanti Risposta % Corretto
298.054 Catania
97%
217.033 Messina
97%
628.693 Palermo
97%
79.571 Marsala
94%
73.878 Ragusa
94%
58.182 Caltanissetta
91%
25.102 Enna
91%
54.949 Trapani
91%
55.252 Agrigento
89%
115.776 Siracusa
89%
70.451 Gela
86%
65.873 Vittoria
74%
53.100 Bagheria
71%
50.611 Acireale
66%
50.011 Mazara del Vallo
66%
29.830 Milazzo
60%
24.612 Noto
60%
38.586 Sciacca
60%
53.483 Modica
57%
39.763 Barcellona Pozzo di Gotto
51%
35.475 Caltagirone
51%
38.759 Monreale
51%
34.281 Canicattì
46%
34.173 Licata
46%
48.713 Misterbianco
46%
44.744 Paternò
40%
24.797 Termini Imerese
40%
25.770 Erice
37%
24.770 Niscemi
37%
44.597 Alcamo
34%
30.710 Avola
34%
34.717 Augusta
31%
29.297 Castelvetrano
31%
31.315 Favara
31%
26.844 Scicli
31%
27.507 Aci Catena
29%
40.766 Carini
29%
26.557 Giarre
29%
30.708 Partinico
29%
33.667 Adrano
26%
21.235 Lentini
26%
22.117 Pachino
23%
30.214 Comiso
20%
29.095 Misilmeri
20%
28.242 Belpasso
17%
22.942 Biancavilla
17%
25.318 Gravina di Catania
11%
32.130 Mascalucia
11%
21.341 Palma di Montechiaro
9%
24.231 San Giovanni La Punta
6%
Nessun quiz corrispondente trovato
Distribuzione punteggi
Percentuale di utenti per punteggio
Percentile per numero di risposta
I tuoi punteggi nel tempo
Non hai fatto questo quiz